| 000 | 00542 a2200181 4500 | ||
|---|---|---|---|
| 999 |
_c4552 _d4552 |
||
| 010 | _aENG-86436 | ||
| 020 |
_a8181574427 _c150.00 |
||
| 035 | _aEN-69969 | ||
| 037 | _bDBAD / PUB | ||
| 082 | 1 | 4 | _a881 |
| 100 | 1 | _aArasanayagam, Jean | |
| 245 | 1 |
_aDestinies destinations / _cby Jean Arasanayagam |
|
| 260 |
_aKolkata _bWriters Workshop _c2006 |
||
| 270 |
_a162/42, Lake Gardens, _bCalcutta _cWest Bengal _e700 045 |
||
| 300 |
_a116p. _c22cm (Hb) |
||
| 490 | _aWriters workshop redbird book | ||
| 942 |
_adpl _cEN _2ddc _h881 _mJEA |
||